000 00778nam a2200181Ia 4500
008 100920s9999 xx 000 0 und d
082 _b60804
_a61 थ 58
100 _a---
245 _aउज्ज्वल आणि समृध्द ग्रामजीवन.
260 _bमुंबई सरकारच्या प्रसिध्दी खात्याकडून प्रकाशित.
_c1958
300 _a24
_bसाधी
365 _b0
520 _aस्थानिक वाचन.
630 _aउज्ज्वल आणि समृध्द ग्रामजीवन.
650 _aस्थानिक वाचन.
730 _aउज्ज्वल आणि समृध्द ग्रामजीवन.
942 _cBOOK
999 _c704054
_d704051